000 00637nam a2200205Ia 4500
003 GCL
008 140319s9999 xx 000 0 ara d
020 _a3069109977
040 _aGCL /
_cGCL
082 0 4 _a214.577
_bى ر
100 1 _aيوسف القرضاوى
245 1 0 _aرعاية البيئة في شريعة الاسلام /
_cيوسف القرضاوى
260 _aالقاهرة :
_bدار الشروق ،
_c2001
300 _a259 ص ؛
_c22 سم
490 _aالنشرات الاسلامية
_v0
650 0 4 _aالبيئة
650 0 4 _aالاسلام
650 0 4 _aالبيئة والانسان
942 _2ddc
_cBK
999 _c43407
_d43407